Mujercitas : (Registro nro. 7274)

Detalles MARC
000 -LEADER
fixed length control field 00735nam a22002417a 4500
003 - CONTROL NUMBER IDENTIFIER
control field OSt
005 - DATE AND TIME OF LATEST TRANSACTION
control field 20250505154954.0
008 - FIXED-LENGTH DATA ELEMENTS--GENERAL INFORMATION
fixed length control field 210222s1993 mx ||||g |||| 00| 0 spa d
020 ## - INTERNATIONAL STANDARD BOOK NUMBER
International Standard Book Number 9684323115
040 ## - CATALOGING SOURCE
Original cataloging agency CO-JCMR
Transcribing agency CO-JCMR
041 0# - LANGUAGE CODE
Language code of text/sound track or separate title spa
082 04 - DEWEY DECIMAL CLASSIFICATION NUMBER
Classification number J-N
Item number ALCm
Edition number 23
100 1# - MAIN ENTRY--PERSONAL NAME
Personal name Alcott, Louisa M.,
Relator term autora
9 (RLIN) 13761
245 10 - TITLE STATEMENT
Title Mujercitas :
Remainder of title más cosas de mujercitas /
Statement of responsibility, etc. Louisa M. Alcott
260 ## - PUBLICATION, DISTRIBUTION, ETC.
Place of publication, distribution, etc. México :
Name of publisher, distributor, etc. Porrua,
Date of publication, distribution, etc. 1993
300 ## - PHYSICAL DESCRIPTION
Extent 301 páginas ;
Dimensions 22 cm.
490 ## - SERIES STATEMENT
Series statement Sepan cuantos ;
Volume/sequential designation 126
505 0# - FORMATTED CONTENTS NOTE
Formatted contents note Mujercitas -- Más cosas de mujercitas
650 24 - SUBJECT ADDED ENTRY--TOPICAL TERM
Topical term or geographic name entry element Modales y costumbres
9 (RLIN) 11874
650 24 - SUBJECT ADDED ENTRY--TOPICAL TERM
Topical term or geographic name entry element Familia de marzo (personajes ficticios)
9 (RLIN) 13762
650 24 - SUBJECT ADDED ENTRY--TOPICAL TERM
Topical term or geographic name entry element Madres e hijas
9 (RLIN) 13763
942 ## - ADDED ENTRY ELEMENTS (KOHA)
Source of classification or shelving scheme Dewey Decimal Classification
Koha item type Books
Existencias
Withdrawn status Lost status Source of classification or shelving scheme Damaged status Not for loan Home library Current library Shelving location Date acquired Source of acquisition Total Checkouts Full call number Barcode Date last seen Date last checked out Copy number Price effective from Koha item type
    Dewey Decimal Classification     Biblioteca Pública José María del Castillo y Rada Biblioteca Pública José María del Castillo y Rada General Stacks 10/02/2020 Donación 10 J-N ALCm 201811819 01/20/2026 01/19/2026 Ej.1 10/02/2020 Books